Importance-Performance Analysis in Customer Satisfaction Assessment

Identifikácia vplyvu maloobchodných atribútov na nákup potravín. Skúsenosti so segmentom dospelých zákazníkov počas ich procesu obstarávania potravín a následné odhalenie atribútov s najväčším vplyvom na celkovú spokojnosť a na uplatnenie analýzy významnej výkonnosti (IPA) pri posudzovaní komplexnej...

Descripción completa

Guardado en:
Detalles Bibliográficos
Autor principal: Lesáková, Dagmar, 1949-
Formato: Capítulo de libro
Lenguaje:inglés
Materias:
Etiquetas: Agregar Etiqueta
Sin Etiquetas, Sea el primero en etiquetar este registro!

MARC

LEADER 00000nla a2200000 4500
001 0245580
005 20240502083655.0
041 0 |a eng 
044 |a CZ 
245 1 0 |a Importance-Performance Analysis in Customer Satisfaction Assessment 
520 |a Identifikácia vplyvu maloobchodných atribútov na nákup potravín. Skúsenosti so segmentom dospelých zákazníkov počas ich procesu obstarávania potravín a následné odhalenie atribútov s najväčším vplyvom na celkovú spokojnosť a na uplatnenie analýzy významnej výkonnosti (IPA) pri posudzovaní komplexnej spokojnosti zákazníkov. 
610 2 0 |a výkonnosť 
610 2 0 |a výkonnosť ekonomiky 
610 2 0 |a zákazníci 
610 2 0 |a spokojnosť zákazníkov 
610 2 0 |a maloobchod 
610 2 0 |a manažment 
100 1 |a Lesáková, Dagmar, 1949-